{"text_format":"3","workbook":"xlsx","n_sheets":4,"sheets":["ORÇAMENTO DESONERADO","Detalhamento BDI DESONERADO","CRONOGRAMA DESONERADO","COMPOSIÇÃO"],"not_rendered":{"images":2,"external_links":20,"defined_names":679},"read":"whole","date_system":"1900"}

{"sheet":"ORÇAMENTO DESONERADO","index":0,"n_rows":236,"n_cols":13,"rows_kept":236,"merged":[[11,2,11,4],[12,11,12,12],[13,1,13,9],[14,1,15,1],[14,2,15,2],[14,3,15,3],[14,4,15,4],[14,5,15,5],[14,6,15,6],[14,7,15,7],[14,8,15,8],[14,9,15,9],[231,1,231,4],[232,1,232,9],[233,1,233,9],[234,1,234,9],[235,1,235,9]]}
[]
[]
[]
[]
[]
[]
[null,null,"CONSTRUÇÃO DE SEDE DO ABRIGO INSTITUCIONAL - CASA DE PASSAGEM DONA LIA - MARIA DELFINA DE SOUZA"]
[null,null,"Localização:   Piracanjuba-GO"]
[null,null,"Mutuário: PREFEITURA MUNICIPAL DE PIRACANJUBA"]
[null,null,"Agente Promotor: SECRETARIA MUNICIPAL DE ASSISTÊNCIA SOCIAL"]
[null,null,"Processo:202100042001080"]
[null,null,"GOINFRA 10/2024 COM DESONERAÇÃO"]
[{"$nulls":11},"NÃO APAGAR"]
[null,"ORÇAMENTO "]
[null,"ITEM","CÓDIGO","TABELA","DESCRIÇÃO DOS SERVIÇOS","UNID.","QUANTIDADE","CUSTO UNITÁRIO DESONERADO","CUSTO TOTAL","CUSTO TOTAL COM BDI (27,24%)",null,"BDI",1.2724]
[]
[]
[null,1,null,null,"SUPERESTRUTURA"]
[]
[null,"1.1","052014","GOINFRA","AÇO CA-60 - 5,0 MM","kg",{"$f":"568.6-460.57","v":{"v":108.03000000000003,"d":"108.03"}},{"v":11.37,"d":"R$ 11.37"},{"$f":"G20*H20","v":{"v":1228.3011000000004,"d":"R$ 1,228.30"}},{"$f":"ROUND(I20*$M$15,2)","v":{"v":1562.89,"d":"R$ 1,562.89"}}]
[null,"1.2","052003","GOINFRA","AÇO CA-50 - 6,3 MM","kg",{"v":58.7,"d":"58.70"},{"v":10.45,"d":"R$ 10.45"},{"v":613.415,"d":"R$ 613.42"},{"$f":"ROUND(I21*$M$15,2)","v":{"v":780.51,"d":"R$ 780.51"}}]
[null,"1.3","052004","GOINFRA","AÇO CA 50-A - 8,0 MM","kg",{"$f":"576.3-478.33","v":{"v":97.96999999999997,"d":"97.97"}},{"v":10.22,"d":"R$ 10.22"},{"v":1001.2533999999997,"d":"R$ 1,001.25"},{"v":1273.99,"d":"R$ 1,273.99"}]
[null,"1.4","052006","GOINFRA","ACO CA 50-A - 12,5 MM","kg",{"$f":"244.7-51.39","v":193.31},{"v":11.01,"d":"R$ 11.01"},{"v":2128.3431,"d":"R$ 2,128.34"},{"v":2708.1,"d":"R$ 2,708.10"}]
[null,"1.5","052007","GOINFRA","ACO CA 50-A - 16,0 MM","kg",{"v":46.3,"d":"46.30"},{"v":10.97,"d":"R$ 10.97"},{"v":507.911,"d":"R$ 507.91"},{"v":646.27,"d":"R$ 646.27"}]
[null,"1.6","060192","GOINFRA","FORMA DE TABUA CINTA/PILAR SOBRE/ENTRE ALVENARIA U=8 VEZES","m²",{"$f":"485.5-278.86","v":206.64},{"v":27.11,"d":"R$ 27.11"},{"v":5602.010399999999,"d":"R$ 5,602.01"},{"v":7128,"d":"R$ 7,128.00"}]
[null,"1.7","051036","GOINFRA","CONCRETO USINADO BOMBEÁVEL FCK=25 MPA","m³",{"$f":"41.6-23.92","v":17.68},{"v":599.76,"d":"R$ 599.76"},{"v":10603.7568,"d":"R$ 10,603.76"},{"v":13492.22,"d":"R$ 13,492.22"}]
[null,"1.8","051060","GOINFRA","LANÇAMENTO/APLICAÇÃO/ADENSAMENTO DE CONCRETO USINADO BOMBEADO EM FUNDAÇÃO","m³",{"$f":"G26","v":17.68},{"v":37.75,"d":"R$ 37.75"},{"v":667.42,"d":"R$ 667.42"},{"v":849.23,"d":"R$ 849.23"}]
[{"$nulls":7},"Subtotal:",{"$f":"SUM(I20:I27)","v":{"v":22352.410799999998,"d":"R$ 22,352.41"}},{"$f":"SUM(J20:J27)","v":{"v":28441.21,"d":"R$ 28,441.21"}}]
[]
[null,2,null,null,"LAJE PRÉ-MOLDADA"]
[]
[null,"2.1","061101","GOINFRA","FORRO EM LAJE PRE-MOLDADA INCLUSO CAPEAMENTO/ ARMADURA DE DISTRIBUIÇÃO/ ESCORAMENTO E FORMA/ DESFORMA","m²",233.83,{"v":120.89,"d":"R$ 120.89"},{"$f":"G32*H32","v":{"v":28267.708700000003,"d":"R$ 28,267.71"}},{"$f":"ROUND(I32*$M$15,2)","v":{"v":35967.83,"d":"R$ 35,967.83"}}]
[{"$nulls":7},"Subtotal:",{"$f":"SUM(I32)","v":{"v":28267.708700000003,"d":"R$ 28,267.71"}},{"$f":"SUM(J32)","v":{"v":35967.83,"d":"R$ 35,967.83"}}]
[]
[null,3,null,null,"ALVENARIA"]
[]
[null,"3.1",100155,"GOINFRA","ALVENARIA DE TIJOLO FURADO 1/2 VEZ 11,5 X 19 X 19 - ARG. ( 1 CALH:4ARML + 100 KG DE CI/M3)","m²",{"$f":"464.32-391.41","v":{"v":72.90999999999997,"d":"72.91"}},{"v":68,"d":"R$ 68.00"},{"$f":"G37*H37","v":{"v":4957.879999999997,"d":"R$ 4,957.88"}},{"$f":"ROUND(I37*$M$15,2)","v":{"v":6308.41,"d":"R$ 6,308.41"}}]
[null,"3.2","270308","GOINFRA","MURO DE ALVENARIA APARENTE BLOCO CONCRETO ESTRUTURAL ESPESSURA 14 CM ( H=2,40M ) COM FUNDAÇÃO","m²",148.51,{"v":185.16,"d":"R$ 185.16"},{"$f":"G38*H38","v":{"v":27498.111599999997,"d":"R$ 27,498.11"}},{"$f":"ROUND(I38*$M$15,2)","v":{"v":34988.6,"d":"R$ 34,988.60"}}]
[]
[{"$nulls":7},"Subtotal:",{"$f":"SUM(I37:I39)","v":{"v":32455.991599999994,"d":"R$ 32,455.99"}},{"$f":"SUM(J37:J39)","v":{"v":41297.009999999995,"d":"R$ 41,297.01"}}]
[]
[null,4,null,null,"ESQUADRIAS"]
[]
[{"$nulls":4},"ESQUADRIAS DE MADEIRA"]
[null,"4.1",170103,"GOINFRA","P1 - PORTA LISA 80x210CM COM PORTAL E ALISAR, SEM FERRAGENS","unid",{"v":17,"d":"17.00"},678.11,{"$f":"G45*H45","v":{"v":11527.87,"d":"R$ 11,527.87"}},{"$f":"ROUND(I45*$M$15,2)","v":{"v":14668.06,"d":"R$ 14,668.06"}}]
[null,"4.2",170110,"GOINFRA","P2 - PORTA LISA 90X210CM COM PORTAL E ALISAR, SEM FERRAGENS","unid",{"v":2,"d":"2.00"},696.82,{"v":1393.64,"d":"R$ 1,393.64"},{"v":1773.27,"d":"R$ 1,773.27"}]
[null,"4.3",230102,"GOINFRA","FECHADURA TIPO ALAVANCA, LAFONTE 6236 I /8766- I18 IMAB OU EQUIVALENTE, INTERNA","unid",{"v":12,"d":"12.00"},156.68,{"v":1880.16,"d":"R$ 1,880.16"},{"v":2392.32,"d":"R$ 2,392.32"}]
[null,"4.4",230102,"GOINFRA","FECHADURA TIPO ALAVANCA, LAFONTE 6236 I /8766- I18 IMAB OU EQUIVALENTE, EXTERNA","unid",{"v":1,"d":"1.00"},156.68,{"v":156.68,"d":"R$ 156.68"},{"v":199.36,"d":"R$ 199.36"}]
[null,"4.5",230102,"GOINFRA","FECHADURA TIPO ALAVANCA, LAFONTE 6236 I /8766- I18 IMAB OU EQUIVALENTE, BANHEIRO","unid",{"v":4,"d":"4.00"},156.68,{"v":626.72,"d":"R$ 626.72"},{"v":797.44,"d":"R$ 797.44"}]
[null,"4.6",230202,"GOINFRA","DOBRADICA 3\" X 3 1/2\" CROMADA","cj",{"$f":"G45+G46","v":{"v":19,"d":"19.00"}},17.75,{"v":337.25,"d":"R$ 337.25"},{"v":429.12,"d":"R$ 429.12"}]
[]
[{"$nulls":4},"ESQUADRIAS METÁLICAS"]
[null,"4.7","180114","GOINFRA","P3 - PORTA DE ALUMÍNIO NATURAL EM VENEZIANA, 90x210CM, COM FERRAGENS (M.O.FAB.INC.MAT.)","m²",{"$f":"1*0.9*2.1","v":{"v":1.8900000000000001,"d":"1.89"}},{"v":1127.15,"d":"1,127.15"},{"$f":"G53*H53","v":{"v":2130.3135,"d":"R$ 2,130.31"}},{"$f":"ROUND(I53*$M$15,2)","v":{"v":2710.61,"d":"R$ 2,710.61"}}]
[null,"4.8",180506,"GOINFRA","P4 - PORTA DE CORRER, ALUMÍNIO E VIDRO, 4 FOLHAS, 315x210CM, COM FERRAGENS, SEM VIDRO","m²",{"$f":"1*3.15*2.1","v":{"v":6.615,"d":"6.62"}},305.12,{"v":2018.3688000000002,"d":"R$ 2,018.37"},{"v":2568.17,"d":"R$ 2,568.17"}]
[null,"4.9",180406,"GOINFRA","P5 - ESQUADRIA EM CHAPA METÁLICA TIPO VENEZIANA FIXA COM VENTILAÇÃO, 80x80CM","m²",{"$f":"1*0.8*0.8","v":{"v":0.6400000000000001,"d":"0.64"}},360.64,{"v":230.80960000000005,"d":"R$ 230.81"},{"v":293.68,"d":"R$ 293.68"}]
[null,"4.10",180304,"GOINFRA","P6 - PORTAO DE ABRIR CHAPA 14  PT-4, COM FERRAGENS, 90x210CM","m²",{"$f":"1*0.9*2.1","v":{"v":1.8900000000000001,"d":"1.89"}},449.94,{"v":850.3866,"d":"R$ 850.39"},{"v":1082.03,"d":"R$ 1,082.03"}]
[null,"4.11",180309,"GOINFRA","P7 - PORTAO CORRER / ABRIR CONJUGADO PT-8 COM FERRAGENS, 300x250CM","m²",{"$f":"1*3*2.5","v":{"v":7.5,"d":"7.50"}},417.33,{"v":3129.975,"d":"R$ 3,129.98"},{"v":3982.58,"d":"R$ 3,982.58"}]
[null,"4.12",190201,"GOINFRA","VIDRO TEMPERADO 10 MM  - COLOCADO","m²",{"$f":"G54","v":{"v":6.615,"d":"6.62"}},455.82,{"v":3015.2493,"d":"R$ 3,015.25"},{"v":3836.6,"d":"R$ 3,836.60"}]
[null,"4.13","180115","GOINFRA","J1 - ESQUADRIA ALUMÍNIO NATURAL MÁXIMO AR, 60x50CM, COM FERRAGENS, SEM VIDRO (M.O.FAB.INC.MAT.)","m²",{"$f":"6*0.5*0.6","v":{"v":1.7999999999999998,"d":"1.80"}},{"v":1037.31,"d":"1,037.31"},{"v":1867.1579999999997,"d":"R$ 1,867.16"},{"v":2375.77,"d":"R$ 2,375.77"}]
[null,"4.14","180111","GOINFRA","J2 - ESQUADRIA DE ALUMÍNIO NATURAL CORRER / VIDRO 2 FOLHAS, 100x110CM,  COM FERRAGENS (M.O.FAB.INC.MAT.)","m²",{"$f":"1*1*1.1","v":{"v":1.1,"d":"1.10"}},702.04,{"v":772.244,"d":"R$ 772.24"},{"v":982.6,"d":"R$ 982.60"}]
[null,"4.15","180111","GOINFRA","J3 - ESQUADRIA DE ALUMÍNIO NATURAL CORRER / VIDRO 2 FOLHAS, 150x110CM,  COM FERRAGENS (M.O.FAB.INC.MAT.)","m²",{"$f":"9*1.5*1.1","v":{"v":14.850000000000001,"d":"14.85"}},702.04,{"v":10425.294,"d":"R$ 10,425.29"},{"v":13265.14,"d":"R$ 13,265.14"}]
[null,"4.16",190102,"GOINFRA","VIDRO LISO 4 MM - COLOCADO","m²",{"$f":"G59+G60+G61","v":17.75},184.94,{"v":3282.685,"d":"R$ 3,282.69"},{"v":4176.89,"d":"R$ 4,176.89"}]
[{"$nulls":7},"Subtotal:",{"$f":"SUM(I44:I62)","v":{"v":43644.803799999994,"d":"R$ 43,644.80"}},{"$f":"SUM(J44:J62)","v":{"v":55533.63999999999,"d":"R$ 55,533.64"}}]
[]
[null,5,null,null,"REVESTIMENTOS"]
[]
[{"$nulls":4},"PAREDES INTERNAS"]
[null,"5.1",200101,"GOINFRA","CHAPISCO COMUM ","m²",{"$f":"628.48-565.63","v":{"v":62.85000000000002,"d":"62.85"}},5.61,{"$f":"G68*H68","v":{"v":352.5885000000001,"d":"R$ 352.59"}},{"$f":"ROUND(I68*$M$15,2)","v":{"v":448.63,"d":"R$ 448.63"}}]
[null,"5.2",200499,"GOINFRA","REBOCO PAULISTA","m²",{"$f":"628.48-377.09","v":{"v":251.39000000000004,"d":"251.39"}},27.64,{"$f":"G69*H69","v":{"v":6948.419600000001,"d":"R$ 6,948.42"}},{"v":8841.17,"d":"R$ 8,841.17"}]
[null,"5.3",201302,"GOINFRA","REVESTIMENTO COM CERÂMICA","m²",{"$f":"150.36*1.1","v":{"v":165.39600000000002,"d":"165.40"}},87.44,{"$f":"G70*H70","v":{"v":14462.226240000002,"d":"R$ 14,462.23"}},{"v":18401.74,"d":"R$ 18,401.74"}]
[]
[{"$nulls":4},"PAREDES EXTERNAS"]
[null,"5.4",200140,"GOINFRA","CHAPISCO COMUM EM FACHADA","m²",{"$f":"282.33-225.86","v":{"v":56.46999999999997,"d":"56.47"}},6.03,{"$f":"G73*H73","v":{"v":340.5140999999998,"d":"R$ 340.51"}},{"$f":"ROUND(I73*$M$15,2)","v":{"v":433.27,"d":"R$ 433.27"}}]
[null,"5.5",200201,"GOINFRA","EMBOÇO","m²",{"$f":"282.33-169.4","v":{"v":112.92999999999998,"d":"112.93"}},22.51,{"$f":"G74*H74","v":{"v":2542.0543,"d":"R$ 2,542.05"}},{"v":3234.51,"d":"R$ 3,234.51"}]
[{"$nulls":7},"Subtotal:",{"$f":"SUM(I67:I74)","v":{"v":24645.802740000003,"d":"R$ 24,645.80"}},{"$f":"SUM(J67:J74)","v":{"v":31359.32,"d":"R$ 31,359.32"}}]
[]
[null,6,null,null,"PAVIMENTAÇÃO"]
[]
[null,"6.1",220102,"GOINFRA","PISO CONCRETO DESEMPENADO ESPESSURA = 5 CM  1:2,5:3,5","m²",{"$f":"79.91+15.54","v":{"v":95.44999999999999,"d":"95.45"}},34.39,{"$f":"G79*H79","v":{"v":3282.5254999999997,"d":"R$ 3,282.53"}},{"$f":"ROUND(I79*$M$15,2)","v":{"v":4176.69,"d":"R$ 4,176.69"}}]
[null,"6.2",220309,"GOINFRA","PISO EM CERÂMICA PEI MAIOR OU IGUAL A 4 COM CONTRA PISO (1CI:3ARML) E ARGAMASSA COLANTE","m²",211.27,74.72,{"$f":"G80*H80","v":{"v":15786.0944,"d":"R$ 15,786.09"}},{"$f":"ROUND(I80*$M$15,2)","v":{"v":20086.23,"d":"R$ 20,086.23"}}]
[null,"6.3",220310,"GOINFRA","RODAPÉ DE CERÂMICA  COM ARGAMASSA COLANTE","m",236.69,8.56,{"$f":"G81*H81","v":{"v":2026.0664000000002,"d":"R$ 2,026.07"}},{"$f":"ROUND(I81*$M$15,2)","v":{"v":2577.97,"d":"R$ 2,577.97"}}]
[{"$nulls":7},"Subtotal:",{"$f":"SUM(I79:I81)","v":{"v":21094.686299999998,"d":"R$ 21,094.69"}},{"$f":"SUM(J79:J81)","v":{"v":26840.89,"d":"R$ 26,840.89"}}]
[]
[null,7,null,null,"INSTALAÇÕES ELÉTRICAS"]
[]
[null,"7.1","071294","GOINFRA","CABO FLEXÍVEL 10MM², CLASSE 2, 0,6/1kV - PRETO","m",{"v":96,"d":"96.00"},11.81,{"$f":"G86*H86","v":{"v":1133.76,"d":"R$ 1,133.76"}},{"$f":"ROUND(I86*$M$15,2)","v":{"v":1442.6,"d":"R$ 1,442.60"}}]
[null,"7.2","071294","GOINFRA","CABO FLEXÍVEL 10MM², CLASSE 2, 0,6/1kV - AZUL","m",{"v":32,"d":"32.00"},11.81,{"v":377.92,"d":"R$ 377.92"},{"v":480.87,"d":"R$ 480.87"}]
[null,"7.3","071290","GOINFRA","CABO FLEXÍVEL 1,5MM², CLASSE 5, 450/750V - VERMELHO","m",{"v":200,"d":"200.00"},3.29,{"v":658,"d":"R$ 658.00"},{"v":837.24,"d":"R$ 837.24"}]
[null,"7.4","071290","GOINFRA","CABO FLEXÍVEL 1,5MM², CLASSE 5, 450/750V - AZUL","m",{"v":200,"d":"200.00"},3.29,{"v":658,"d":"R$ 658.00"},{"v":837.24,"d":"R$ 837.24"}]
[null,"7.5","071290","GOINFRA","CABO FLEXÍVEL 1,5MM², CLASSE 5, 450/750V - AMARELO","m",{"v":50,"d":"50.00"},3.29,{"v":164.5,"d":"R$ 164.50"},{"v":209.31,"d":"R$ 209.31"}]
[null,"7.6","071290","GOINFRA","CABO FLEXÍVEL 1,5MM², CLASSE 5, 450/750V - BRANCO","m",{"v":80,"d":"80.00"},3.29,{"v":263.2,"d":"R$ 263.20"},{"v":334.9,"d":"R$ 334.90"}]
[null,"7.7","071291","GOINFRA","CABO FLEXÍVEL 2,5MM², CLASSE 5, 450/750V - VERMELHO","m",{"v":350,"d":"350.00"},4.37,{"v":1529.5,"d":"R$ 1,529.50"},{"v":1946.14,"d":"R$ 1,946.14"}]
[null,"7.8","071291","GOINFRA","CABO FLEXÍVEL 2,5MM², CLASSE 5, 450/750V - AZUL","m",{"v":320,"d":"320.00"},4.37,{"v":1398.4,"d":"R$ 1,398.40"},{"v":1779.32,"d":"R$ 1,779.32"}]
[null,"7.9","071291","GOINFRA","CABO FLEXÍVEL 2,5MM², CLASSE 5, 450/750V - VERDE","m",{"v":250,"d":"250.00"},4.37,{"v":1092.5,"d":"R$ 1,092.50"},{"v":1390.1,"d":"R$ 1,390.10"}]
[null,"7.10","071293","GOINFRA","CABO FLEXÍVEL 6,0MM², CLASSE 5, 450/780V - VERMELHO","m",{"v":45,"d":"45.00"},7.34,{"v":330.3,"d":"R$ 330.30"},{"v":420.27,"d":"R$ 420.27"}]
[null,"7.11","071293","GOINFRA","CABO FLEXÍVEL 6,0MM², CLASSE 5, 450/780V - AZUL","m",{"v":45,"d":"45.00"},7.34,{"v":330.3,"d":"R$ 330.30"},{"v":420.27,"d":"R$ 420.27"}]
[null,"7.12","071293","GOINFRA","CABO FLEXÍVEL 6,0MM², CLASSE 5, 450/780V - VERDE","m",{"v":45,"d":"45.00"},7.34,{"v":330.3,"d":"R$ 330.30"},{"v":420.27,"d":"R$ 420.27"}]
[null,"7.13","071195","GOINFRA","ELETRODUTO FLEXÍVEL CORRUGADO, PVC, 32MM ","m",{"v":4,"d":"4.00"},10.02,{"v":40.08,"d":"R$ 40.08"},{"v":51,"d":"R$ 51.00"}]
[null,"7.14","071194","GOINFRA","ELETRODUTO FLEXÍVEL CORRUGADO, PVC, 25MM","m",{"$f":"315-180","v":{"v":135,"d":"135.00"}},8.23,{"v":1111.05,"d":"R$ 1,111.05"},{"v":1413.7,"d":"R$ 1,413.70"}]
[null,"7.15","071174","GOINFRA","DISJUNTOR TERMOMAGNÉTICO TRIPOLAR 50A ","unid",{"v":1,"d":"1.00"},94.96,{"v":94.96,"d":"R$ 94.96"},{"v":120.83,"d":"R$ 120.83"}]
[null,"7.16","071457","GOINFRA","DISJUNTOR DR TETRAPOLAR 63A/30MA ","unid",{"v":1,"d":"1.00"},232.06,{"v":232.06,"d":"R$ 232.06"},{"v":295.27,"d":"R$ 295.27"}]
[null,"7.17","071171","GOINFRA","DISJUNTOR TERMOMAGNÉTICO MONOPOLAR 30A, CURVA B ","unid",{"v":4,"d":"4.00"},{"v":21.6,"d":"21.60"},{"v":86.4,"d":"R$ 86.40"},{"v":109.94,"d":"R$ 109.94"}]
[null,"7.18","071171","GOINFRA","DISJUNTOR TERMOMAGNÉTICO MONOPOLAR 20A, CURVA B ","unid",{"v":3,"d":"3.00"},{"v":21.6,"d":"21.60"},{"v":64.80000000000001,"d":"R$ 64.80"},{"v":82.45,"d":"R$ 82.45"}]
[null,"7.19","071171","GOINFRA","DISJUNTOR TERMOMAGNÉTICO MONOPOLAR 16A, CURVA B ","unid",{"v":2,"d":"2.00"},{"v":21.6,"d":"21.60"},{"v":43.2,"d":"R$ 43.20"},{"v":54.97,"d":"R$ 54.97"}]
[null,"7.20","071171","GOINFRA","DISJUNTOR TERMOMAGNÉTICO MONOPOLAR 16A, CURVA C ","unid",{"v":5,"d":"5.00"},{"v":21.6,"d":"21.60"},{"v":108,"d":"R$ 108.00"},{"v":137.42,"d":"R$ 137.42"}]
[null,"7.21","071171","GOINFRA","DISJUNTOR TERMOMAGNÉTICO MONOPOLAR 10A, CURVA B ","unid",{"v":3,"d":"3.00"},{"v":21.6,"d":"21.60"},{"v":64.80000000000001,"d":"R$ 64.80"},{"v":82.45,"d":"R$ 82.45"}]
[null,"7.22","071184","GOINFRA","DISPOSITIVO DE PROTEÇÃO CONTRA SURTOS D.P.S, CLASSE II, 40KA, 275V","unid",{"v":3,"d":"3.00"},96.06,{"v":288.18,"d":"R$ 288.18"},{"v":366.68,"d":"R$ 366.68"}]
[null,"7.23","070647","GOINFRA","CAIXA DE PASSAGEM ELÉTRICA ENTERRADA 30X30CM","unid",{"v":2,"d":"2.00"},111.58,{"v":223.16,"d":"R$ 223.16"},{"v":283.95,"d":"R$ 283.95"}]
[]
[{"$nulls":4},"TOMADAS E INTERRUPTORES"]
[null,"7.24","072570","GOINFRA","TOMADA HEXAGONAL 2P + T - 10A - 250V","unid",{"v":30,"d":"30.00"},22.32,{"$f":"G111*H111","v":{"v":669.6,"d":"R$ 669.60"}},{"$f":"ROUND(I111*$M$15,2)","v":{"v":852,"d":"R$ 852.00"}}]
[null,"7.25","072575","GOINFRA","TOMADA HEXAGONAL 2P + T - 20A - 250V ","unid",{"v":4,"d":"4.00"},31.03,{"$f":"G112*H112","v":{"v":124.12,"d":"R$ 124.12"}},{"v":157.93,"d":"R$ 157.93"}]
[null,"7.26","072579","GOINFRA","TOMADA HEXAGONAL DUPLA 2P + T - 10A - 250V","unid",{"v":15,"d":"15.00"},25.46,{"$f":"G113*H113","v":{"v":381.90000000000003,"d":"R$ 381.90"}},{"v":485.93,"d":"R$ 485.93"}]
[null,"7.27","071411","GOINFRA","INTERRUPTOR 1 SEÇÃO","unid",{"v":20,"d":"20.00"},15.16,{"$f":"G114*H114","v":{"v":303.2,"d":"R$ 303.20"}},{"v":385.79,"d":"R$ 385.79"}]
[null,"7.28","071431","GOINFRA","INTERRUPTOR PARALELO SIMPLES (1 SECAO)","unid",{"v":2,"d":"2.00"},22.62,{"$f":"G115*H115","v":{"v":45.24,"d":"R$ 45.24"}},{"v":57.56,"d":"R$ 57.56"}]
[]
[{"$nulls":4},"LUMINÁRIAS"]
[null,"7.29","071615","GOINFRA","LUMINÁRIA TIPO ARANDELA DE USO EXTERNO - BASE E-27","unid",{"v":3,"d":"3.00"},132.35,{"$f":"G118*H118","v":{"v":397.04999999999995,"d":"R$ 397.05"}},{"v":505.21,"d":"R$ 505.21"}]
[null,"7.30","071648","GOINFRA","LUMINÁRIA TIPO PLAFON LED DE SOBREPOR QUADRADA, 30W, 40X40XM","unid",{"v":25,"d":"25.00"},{"v":156.7,"d":"156.70"},{"$f":"G119*H119","v":{"v":3917.4999999999995,"d":"R$ 3,917.50"}},{"v":4984.63,"d":"R$ 4,984.63"}]
[{"$nulls":7},"Subtotal:",{"$f":"SUM(I86:I119)","v":{"v":16461.979999999996,"d":"R$ 16,461.98"}},{"$f":"SUM(J86:J119)","v":{"v":20946.240000000005,"d":"R$ 20,946.24"}}]
[]
[null,8,null,null,"INSTALAÇÕES HIDROSSANITÁRIAS"]
[]
[{"$nulls":4},"ÁGUA FRIA"]
[null,"8.1","080946","GOINFRA","REGISTRO DE PRESSAO C/CANOPLA CROMADA DIAM.3/4\"","unid",{"v":5,"d":"5.00"},105.44,{"$f":"G125*H125","v":{"v":527.2,"d":"R$ 527.20"}},{"$f":"ROUND(I125*$M$15,2)","v":{"v":670.81,"d":"R$ 670.81"}}]
[null,"8.2","081302","GOINFRA","JOELHO 45 GRAUS SOLDAVEL 25 mm","unid",{"$f":"6+1","v":{"v":7,"d":"7.00"}},8.08,{"v":56.56,"d":"R$ 56.56"},{"v":71.97,"d":"R$ 71.97"}]
[null,"8.3","082334","GOINFRA","TUBO LEVE PVC RIGIDO DIAMETRO 250 MM","m",{"$f":"46.56+9.36","v":55.92},105.43,{"v":5895.645600000001,"d":"R$ 5,895.65"},{"v":7501.62,"d":"R$ 7,501.62"}]
[null,"8.4","081402","GOINFRA","TE 90 GRAUS SOLDAVEL DIAMETRO 25 mm","unid",{"$f":"2+8+1","v":{"v":11,"d":"11.00"}},8.09,{"v":88.99,"d":"R$ 88.99"},{"v":113.23,"d":"R$ 113.23"}]
[null,"8.5","080926","GOINFRA","REGISTRO DE GAVETA C/CANOPLA DIAMETRO 3/4\"","unid",{"v":6,"d":"6.00"},104.97,{"v":629.8199999999999,"d":"R$ 629.82"},{"v":801.38,"d":"R$ 801.38"}]
[null,"8.6","080555","GOINFRA","LIGAÇÃO FLEXÍVEL METÁLICA DIAM.1/2\"(ENGATE)","unid",{"v":4,"d":"4.00"},51.11,{"v":204.44,"d":"R$ 204.44"},{"v":260.13,"d":"R$ 260.13"}]
[null,"8.7","080556","GOINFRA","LIGAÇÃO FLEXÍVEL PVC DIAM.1/2\" (ENGATE)","unid",{"v":4,"d":"4.00"},12.41,{"v":49.64,"d":"R$ 49.64"},{"v":63.16,"d":"R$ 63.16"}]
[null,"8.8","081066","GOINFRA","APTAD.SOLD.CURTO C/BOLSA E ROSCA P/REG.25X3/4\"","unid",{"v":12,"d":"12.00"},4.18,{"v":50.16,"d":"R$ 50.16"},{"v":63.82,"d":"R$ 63.82"}]
[null,"8.9","081302","GOINFRA","JOELHO 45 GRAUS SOLDAVEL 25 mm","unid",{"v":1,"d":"1.00"},8.08,{"v":8.08,"d":"R$ 8.08"},{"v":10.28,"d":"R$ 10.28"}]
[null,"8.10","081321","GOINFRA","JOELHO 90 GRAUS SOLDAVEL DIAMETRO 25 MM","unid",{"$f":"16+1+6","v":{"v":23,"d":"23.00"}},{"v":7.2,"d":"7.20"},{"v":165.6,"d":"R$ 165.60"},{"v":210.71,"d":"R$ 210.71"}]
[null,"8.11","081102","GOINFRA","LUVA SOLDAVEL DIAMETRO 25 mm","unid",{"v":6,"d":"6.00"},4.08,{"v":24.48,"d":"R$ 24.48"},{"v":31.15,"d":"R$ 31.15"}]
[null,"8.12","081369","GOINFRA","JOELHO 90 GRAUS SOLD. C/BUCHA LATAO 25 X 3/4\"","unid",{"v":2,"d":"2.00"},10.64,{"v":21.28,"d":"R$ 21.28"},{"v":27.08,"d":"R$ 27.08"}]
[null,"8.13","081360","GOINFRA","JOELHO RED.90 GRAUS SOLD.C/BUCHA LATAO 25X1/2\"","unid",{"v":16,"d":"16.00"},10.62,{"v":169.92,"d":"R$ 169.92"},{"v":216.21,"d":"R$ 216.21"}]
[null,"8.14","080980","GOINFRA","REGISTRO DE ESFERA DIAMETRO 2\"","unid",{"v":2,"d":"2.00"},247.76,{"v":495.52,"d":"R$ 495.52"},{"v":630.5,"d":"R$ 630.50"}]
[null,"8.15","081179","GOINFRA","BUCHA DE REDUCAO SOLDAVEL LONGA 50 X 25 mm","unid",{"v":6,"d":"6.00"},{"v":9.7,"d":"9.70"},{"v":58.199999999999996,"d":"R$ 58.20"},{"v":74.05,"d":"R$ 74.05"}]
[null,"8.16","081305","GOINFRA","JOELHO 45 GRAUS SOLDAVEL 50 mm","unid",{"v":1,"d":"1.00"},19.44,{"v":19.44,"d":"R$ 19.44"},{"v":24.74,"d":"R$ 24.74"}]
[null,"8.17","081324","GOINFRA","JOELHO 90 GRAUS SOLDAVEL 50 mm (MARROM)","unid",{"v":6,"d":"6.00"},16.04,{"v":96.24,"d":"R$ 96.24"},{"v":122.46,"d":"R$ 122.46"}]
[null,"8.18","082302","GOINFRA","TUBO SOLD. P/ESGOTO DIAM. 50 MM","m",33.36,20.97,{"v":699.5591999999999,"d":"R$ 699.56"},{"v":890.12,"d":"R$ 890.12"}]
[null,"8.19","081405","GOINFRA","TE 90 GRAUS SOLDAVEL DIAMETRO 50 mm","unid",{"v":6,"d":"6.00"},{"v":23.4,"d":"23.40"},{"v":140.39999999999998,"d":"R$ 140.40"},{"v":178.64,"d":"R$ 178.64"}]
[null,"8.20","081861","GOINFRA","CAIXA DAGUA POLIETILENO 1000 LTS. C/TAMPA","unid",{"v":2,"d":"2.00"},487.17,{"v":974.34,"d":"R$ 974.34"},{"v":1239.75,"d":"R$ 1,239.75"}]
[]
[{"$nulls":4},"ESGOTO"]
[null,"8.21","081825","GOINFRA","CAIXA DE PASSAGEM 60 X 60 CM SEM TAMPA","unid",{"v":3,"d":"3.00"},430.96,{"$f":"G147*H147","v":{"v":1292.8799999999999,"d":"R$ 1,292.88"}},{"$f":"ROUND(I147*$M$15,2)","v":{"v":1645.06,"d":"R$ 1,645.06"}}]
[null,"8.22","081826","GOINFRA","TAMPA EM CONCRETO ARMADO 25 MPA E=5CM PARA A CAIXA DE PASSAGEM 60X60CM","unid",{"v":3,"d":"3.00"},{"v":69.3,"d":"69.30"},{"$f":"G148*H148","v":{"v":207.89999999999998,"d":"R$ 207.90"}},{"$f":"ROUND(I148*$M$15,2)","v":{"v":264.53,"d":"R$ 264.53"}}]
[null,"8.23","081427","GOINFRA","TE DE REDUCAO 90 GRAUS SOLDAVEL 75 X 50 MM","unid",{"v":2,"d":"2.00"},69.48,{"$f":"G149*H149","v":{"v":138.96,"d":"R$ 138.96"}},{"$f":"ROUND(I149*$M$15,2)","v":{"v":176.81,"d":"R$ 176.81"}}]
[null,"8.24","081405","GOINFRA","TE 90 GRAUS SOLDAVEL DIAMETRO 50 mm","unid",{"v":5,"d":"5.00"},{"v":23.4,"d":"23.40"},{"$f":"G150*H150","v":{"v":117,"d":"R$ 117.00"}},{"$f":"ROUND(I150*$M$15,2)","v":{"v":148.87,"d":"R$ 148.87"}}]
[]
[{"$nulls":4},"ÁGUA PLUVIAL"]
[null,"8.25","081923","GOINFRA","JOELHO 45 GRAUS DIAMETRO 75 MM","unid",{"$f":"1+5","v":{"v":6,"d":"6.00"}},20.73,{"$f":"G153*H153","v":{"v":124.38,"d":"R$ 124.38"}},{"$f":"ROUND(I153*$M$15,2)","v":{"v":158.26,"d":"R$ 158.26"}}]
[null,"8.26","081324","GOINFRA","JOELHO 90 GRAUS SOLDAVEL 50 mm (MARROM)","unid",{"v":11,"d":"11.00"},16.04,{"v":176.44,"d":"R$ 176.44"},{"v":224.5,"d":"R$ 224.50"}]
[null,"8.27","082304","GOINFRA","TUBO SOLDAVEL P/ESGOTO DIAM. 100 MM","m",20.34,34.33,{"v":698.2722,"d":"R$ 698.27"},{"v":888.48,"d":"R$ 888.48"}]
[null,"8.28","082303","GOINFRA","TUBO SOLDAVEL P/ESGOTO DIAM.75 MM","m",{"$f":"31.66+20.84","v":{"v":52.5,"d":"52.50"}},31.32,{"v":1644.3,"d":"R$ 1,644.30"},{"v":2092.21,"d":"R$ 2,092.21"}]
[null,"8.29","081937","GOINFRA","JOELHO 90 GRAUS DIAMETRO 75 MM","unid",{"v":9,"d":"9.00"},21.57,{"v":194.13,"d":"R$ 194.13"},{"v":247.01,"d":"R$ 247.01"}]
[null,"8.30","081972","GOINFRA","JUNCAO SIMPLES DIAMETRO 75 X 75 MM","unid",{"v":1,"d":"1.00"},28.33,{"v":28.33,"d":"R$ 28.33"},{"v":36.05,"d":"R$ 36.05"}]
[null,"8.31","081324","GOINFRA","JOELHO 90 GRAUS SOLDAVEL 50 mm (MARROM)","unid",{"v":2,"d":"2.00"},16.04,{"v":32.08,"d":"R$ 32.08"},{"v":40.82,"d":"R$ 40.82"}]
[null,"8.32","081885","GOINFRA","TERMINAL DE VENTILACAO DIAMETRO 50 MM","unid",{"v":4,"d":"4.00"},10.72,{"v":42.88,"d":"R$ 42.88"},{"v":54.56,"d":"R$ 54.56"}]
[null,"8.33","082302","GOINFRA","TUBO SOLD. P/ESGOTO DIAM. 50 MM","m",16.37,20.97,{"v":343.2789,"d":"R$ 343.28"},{"v":436.79,"d":"R$ 436.79"}]
[]
[{"$nulls":4},"LOUÇAS E METAIS"]
[null,"8.34","080570","GOINFRA","TORNEIRA DE MESA PARA LAVATÓRIO DIÂMETRO DE 1/2\"","unid",{"v":3,"d":"3.00"},70.97,{"$f":"G164*H164","v":{"v":212.91,"d":"R$ 212.91"}},{"$f":"ROUND(I164*$M$15,2)","v":{"v":270.91,"d":"R$ 270.91"}}]
[null,"8.35","080573","GOINFRA","TORNEIRA DE MESA PARA P.N.E. COM FECHAMENTO AUTOMÁTICO TEMPORIZADO PARA LAVATÓRIO DIÂMETRO DE 1/2\"","unid",{"v":1,"d":"1.00"},610.79,{"v":610.79,"d":"R$ 610.79"},{"v":777.17,"d":"R$ 777.17"}]
[null,"8.36","080656","GOINFRA","TORNEIRA DE MESA PARA PIA DIÂMETRO DE 1/2\" - BICA MÓVEL","unid",{"v":2,"d":"2.00"},163.13,{"v":326.26,"d":"R$ 326.26"},{"v":415.13,"d":"R$ 415.13"}]
[null,"8.37","080810","GOINFRA","TORNEIRA DE PAREDE PARA TANQUE COM AREJADOR DIÂMETRO DE 1/2\" E 3/4\"","unid",{"v":1,"d":"1.00"},84.48,{"v":84.48,"d":"R$ 84.48"},{"v":107.49,"d":"R$ 107.49"}]
[null,"8.38","080811","GOINFRA","TORNEIRA DE JARDIM COM BICO PARA MANGUEIRA DIÂMETRO DE 1/2\" E 3/4\"","unid",{"v":2,"d":"2.00"},68.67,{"v":137.34,"d":"R$ 137.34"},{"v":174.75,"d":"R$ 174.75"}]
[null,"8.39",230176,"GOINFRA","BARRA DE APOIO EM AÇO INOX - 80 CM","unid",{"v":2,"d":"2.00"},{"v":132.5,"d":"132.50"},{"v":265,"d":"R$ 265.00"},{"v":337.19,"d":"R$ 337.19"}]
[null,"8.40","080542","GOINFRA","LAVATÓRIO MÉDIO SEM COLUNA","unid",{"v":1,"d":"1.00"},158.05,{"v":158.05,"d":"R$ 158.05"},{"v":201.1,"d":"R$ 201.10"}]
[null,"8.41","080504","GOINFRA","VASO SANITÁRIO COM CAIXA ACOPLADA COM DUPLO ACIONAMENTO - COMPLETO EXCLUSO O ASSENTO","unid",{"v":3,"d":"3.00"},634.57,{"v":1903.71,"d":"R$ 1,903.71"},{"v":2422.28,"d":"R$ 2,422.28"}]
[null,"8.42","080505","GOINFRA","VASO SANITÁRIO PARA P.N.E. COM CAIXA ACOPLADA COM DUPLO ACIONAMENTO - COMPLETO EXCLUSO O ASSENTO","unid",{"v":1,"d":"1.00"},{"v":1534.91,"d":"1,534.91"},{"v":1534.91,"d":"R$ 1,534.91"},{"v":1953.02,"d":"R$ 1,953.02"}]
[null,"8.43","080526","GOINFRA","ASSENTO EM POLIPROPILENO COM SISTEMA DE FECHAMENTO SUAVE PARA VASO SANITÁRIO","unid",{"v":4,"d":"4.00"},160.07,{"v":640.28,"d":"R$ 640.28"},{"v":814.69,"d":"R$ 814.69"}]
[null,"8.44","080590","GOINFRA","CUBA DE LOUCA DE EMBUTIR OVAL MÉDIA","unid",{"v":3,"d":"3.00"},{"v":119.6,"d":"119.60"},{"v":358.79999999999995,"d":"R$ 358.80"},{"v":456.54,"d":"R$ 456.54"}]
[null,"8.45","080804","GOINFRA","TANQUE DE LOUÇA COM COLUNA TAMANHO MÉDIO","unid",{"v":1,"d":"1.00"},737.67,{"v":737.67,"d":"R$ 737.67"},{"v":938.61,"d":"R$ 938.61"}]
[null,"8.46","080686","GOINFRA","CUBA INOX 56X34X17CM E=0,6MM-AÇO 304 (CUBA Nº2)","unid",{"v":2,"d":"2.00"},233.15,{"v":466.3,"d":"R$ 466.30"},{"v":593.32,"d":"R$ 593.32"}]
[null,"8.47","080680","GOINFRA","VALVULA P/PIA TIPO AMERICANA DIAM.3.1/2\" (METAL)","unid",{"v":2,"d":"2.00"},63.62,{"v":127.24,"d":"R$ 127.24"},{"v":161.9,"d":"R$ 161.90"}]
[null,"8.48","080670","GOINFRA","SIFAO P/PIA 1.1/2\" X 2\" METAL","unid",{"v":2,"d":"2.00"},247.68,{"v":495.36,"d":"R$ 495.36"},{"v":630.3,"d":"R$ 630.30"}]
[null,"8.49","080820","GOINFRA","SIFAO P/TANQUE 1\" X 1.1/2\" - PVC","unid",{"v":1,"d":"1.00"},24.64,{"v":24.64,"d":"R$ 24.64"},{"v":31.35,"d":"R$ 31.35"}]
[null,"8.50","080562","GOINFRA","SIFAO FLEXIVEL UNIVERSAL ( SANFONADO) EM PVC PARA LAVATORIO","unid",{"v":4,"d":"4.00"},21.04,{"v":84.16,"d":"R$ 84.16"},{"v":107.09,"d":"R$ 107.09"}]
[null,"8.51","080556","GOINFRA","LIGAÇÃO FLEXÍVEL PVC DIAM.1/2\" (ENGATE)","unid",{"v":11,"d":"11.00"},12.41,{"v":136.51,"d":"R$ 136.51"},{"v":173.7,"d":"R$ 173.70"}]
[null,"8.52","080520","GOINFRA","CONJUNTO DE FIXACAO P/VASO SANITARIO (PAR)","unid",{"v":4,"d":"4.00"},17.53,{"v":70.12,"d":"R$ 70.12"},{"v":89.22,"d":"R$ 89.22"}]
[null,"8.53","080550","GOINFRA","CONJUNTO DE FIXACAO P/LAVATORIO (PAR)","unid",{"v":1,"d":"1.00"},13.39,{"v":13.39,"d":"R$ 13.39"},{"v":17.04,"d":"R$ 17.04"}]
[null,"8.54","080721","GOINFRA","CHUVEIRO ELÉTRICO EM PVC COM BRAÇO METÁLICO","unid",{"v":4,"d":"4.00"},117.32,{"v":469.28,"d":"R$ 469.28"},{"v":597.11,"d":"R$ 597.11"}]
[{"$nulls":7},"Subtotal:",{"$f":"SUM(I125:I184)","v":{"v":24273.545899999983,"d":"R$ 24,273.55"}},{"$f":"SUM(J125:J184)","v":{"v":30885.669999999995,"d":"R$ 30,885.67"}}]
[]
[null,9,null,null,"PINTURA"]
[]
[{"$nulls":4},"PINTURA INTERNA DE PAREDES"]
[null,"9.1",261300,"GOINFRA","EMASSAMENTO COM MASSA PVA DUAS DEMAOS","m²",478.12,11.45,{"$f":"G190*H190","v":{"v":5474.474,"d":"R$ 5,474.47"}},{"$f":"ROUND(I190*$M$15,2)","v":{"v":6965.72,"d":"R$ 6,965.72"}}]
[null,"9.2",261001,"GOINFRA","PINTURA LATEX ACRILICO 2 DEMAOS","m²",{"$f":"G190","v":478.12},11.06,{"$f":"G191*H191","v":{"v":5288.0072,"d":"R$ 5,288.01"}},{"v":6728.46,"d":"R$ 6,728.46"}]
[]
[{"$nulls":4},"PINTURA DE TETOS"]
[null,"9.3","210515","GOINFRA","GESSO CORRIDO EM TETO","m²",233.83,19.08,{"$f":"G194*H194","v":{"v":4461.4764,"d":"R$ 4,461.48"}},{"$f":"ROUND(I194*$M$15,2)","v":{"v":5676.78,"d":"R$ 5,676.78"}}]
[null,"9.4",261307,"GOINFRA","PINTURA PVA LATEX 2 DEMAOS SEM SELADOR","m²",{"$f":"G194","v":233.83},8.86,{"$f":"G195*H195","v":{"v":2071.7338,"d":"R$ 2,071.73"}},{"v":2636.07,"d":"R$ 2,636.07"}]
[]
[{"$nulls":4},"PINTURA ESQUADRIAS"]
[null,"9.5",260901,"GOINFRA","PINTURA VERNIZ EM MADEIRA 2 DEMAOS","m²",{"$f":"(17*1.68*2)+(2*1.89*2)","v":{"v":64.67999999999999,"d":"64.68"}},24.03,{"$f":"G198*H198","v":{"v":1554.2604,"d":"R$ 1,554.26"}},{"$f":"ROUND(I198*$M$15,2)","v":{"v":1977.64,"d":"R$ 1,977.64"}}]
[null,"9.6",261503,"GOINFRA","PINT.ESMALTE 2 DEM. ESQ.FERRO (SEM FUNDO ANTICOR.)","m²",{"$f":"(0.64+1.89+7.5+1.89)*2","v":23.84},15.96,{"$f":"G199*H199","v":{"v":380.4864,"d":"R$ 380.49"}},{"v":484.13,"d":"R$ 484.13"}]
[]
[{"$nulls":4},"PINTURA EXTERNA"]
[null,"9.7",260601,"GOINFRA","PINTURA TEXTURIZADA COM SELADOR ACRILICO","m²",{"$f":"G73","v":{"v":56.46999999999997,"d":"56.47"}},12.98,{"$f":"G202*H202","v":{"v":732.9805999999996,"d":"R$ 732.98"}},{"$f":"ROUND(I202*$M$15,2)","v":{"v":932.64,"d":"R$ 932.64"}}]
[{"$nulls":7},"Subtotal:",{"$f":"SUM(I189:I202)","v":{"v":19963.4188,"d":"R$ 19,963.42"}},{"$f":"SUM(J189:J202)","v":{"v":25401.44,"d":"R$ 25,401.44"}}]
[]
[null,10,null,null,"GRANITO"]
[]
[null,"10.1",271608,"GOINFRA","BANCADA DE GRANITO COZINHA","m²",{"$f":"1.82+((3.8+0.6+0.6)*0.1*2)+0.78+((1.3+0.6)*0.1*2)","v":{"v":3.9799999999999995,"d":"3.98"}},482.59,{"$f":"G207*H207","v":{"v":1920.7081999999996,"d":"R$ 1,920.71"}},{"$f":"ROUND(I207*$M$15,2)","v":{"v":2443.91,"d":"R$ 2,443.91"}}]
[null,"10.2",271608,"GOINFRA","BANCADA DE GRANITO BANHEIROS","m²",{"$f":"0.4+((0.8+0.5)*0.1*2*3)","v":{"v":1.1800000000000002,"d":"1.18"}},482.59,{"$f":"G208*H208","v":{"v":569.4562000000001,"d":"R$ 569.46"}},{"v":724.58,"d":"R$ 724.58"}]
[null,"10.3",220920,"GOINFRA","SOLEIRA EM GRANITO IMPERMEABILIZADA COM CONTRAPISO (1CI:3ARML)","m²",{"$f":"((3*0.9)+(5*0.8)+3.15)*0.15","v":{"v":1.4774999999999998,"d":"1.48"}},417.87,{"$f":"G209*H209","v":{"v":617.402925,"d":"R$ 617.40"}},{"v":785.58,"d":"R$ 785.58"}]
[null,"10.4",220920,"GOINFRA","PEITORIL DE GRANITO","m²",{"$f":"((6*0.6)+1+(1.5*9))*0.17","v":{"v":3.0770000000000004,"d":"3.08"}},417.87,{"$f":"G210*H210","v":{"v":1285.78599,"d":"R$ 1,285.79"}},{"v":1636.03,"d":"R$ 1,636.03"}]
[{"$nulls":7},"Subtotal:",{"$f":"SUM(I207:I210)","v":{"v":4393.353314999999,"d":"R$ 4,393.35"}},{"$f":"SUM(J207:J210)","v":{"v":5590.099999999999,"d":"R$ 5,590.10"}}]
[]
[null,11,null,null,"COBERTURA"]
[]
[null,"11.1",140201,"GOINFRA","ESTRUTURA-TELHA DE FIBROCIMENTO, COM TESOURA, COM FERRAGENS","m²",{"$f":"235.86*1.15","v":{"v":271.239,"d":"271.24"}},105.24,{"$f":"G215*H215","v":{"v":28545.192359999997,"d":"R$ 28,545.19"}},{"$f":"ROUND(I215*$M$15,2)","v":{"v":36320.9,"d":"R$ 36,320.90"}}]
[null,"11.2",160501,"GOINFRA","COBERTURA COM TELHA ONDULADA OU EQUIV.","m²",{"$f":"G215","v":{"v":271.239,"d":"271.24"}},43.82,{"$f":"G216*H216","v":{"v":11885.69298,"d":"R$ 11,885.69"}},{"v":15123.36,"d":"R$ 15,123.36"}]
[{"$nulls":7},"Subtotal:",{"$f":"SUM(I215:I216)","v":{"v":40430.88533999999,"d":"R$ 40,430.89"}},{"$f":"SUM(J215:J216)","v":{"v":51444.26,"d":"R$ 51,444.26"}}]
[]
[null,12,null,null,"ADMINISTRAÇÃO"]
[]
[null,"13.1",250101,"GOINFRA","ENGENHEIRO","h",{"$f":"400-131.32","v":268.68},85.21,{"$f":"G221*H221","v":{"v":22894.2228,"d":"R$ 22,894.22"}},{"$f":"ROUND(I221*$M$15,2)","v":{"v":29130.61,"d":"R$ 29,130.61"}}]
[null,"13.2",250102,"GOINFRA","MESTRE DE OBRA","h",{"$f":"800-261.64","v":538.36},42.69,{"$f":"G222*H222","v":{"v":22982.5884,"d":"R$ 22,982.59"}},{"$f":"ROUND(I222*$M$15,2)","v":{"v":29243.05,"d":"R$ 29,243.05"}}]
[{"$nulls":7},"Subtotal:",{"$f":"SUM(I221:I222)","v":{"v":45876.8112,"d":"R$ 45,876.81"}},{"$f":"SUM(J221:J222)","v":{"v":58373.66,"d":"R$ 58,373.66"}}]
[]
[null,13,null,null,"SERVIÇOS FINAIS"]
[]
[null,"13.1",270501,"GOINFRA","LIMPEZA FINAL DE OBRA","m²",233.83,3.81,{"$f":"G227*H227","v":{"v":890.8923000000001,"d":"R$ 890.89"}},{"$f":"ROUND(I227*$M$15,2)+0.06","v":{"v":1133.6299999999999,"d":"R$ 1,133.63"}}]
[{"$nulls":7},"Subtotal:",{"$f":"SUM(I227)","v":{"v":890.8923000000001,"d":"R$ 890.89"}},{"$f":"SUM(J227)","v":{"v":1133.6299999999999,"d":"R$ 1,133.63"}}]
[]
[{"$nulls":7},"CUSTO TOTAL:",{"$f":"I28+I33+I40+I63+I75+I82+I120+I185+I203+I211+I217+I223+I228","v":{"v":324752.2907949999,"d":"R$ 324,752.29"}},{"$f":"J28+J33+J40+J63+J75+J82+J120+J185+J203+J211+J217+J223+J228","v":{"v":413214.8999999999,"d":"R$ 413,214.90"}}]
[]
[]
[null,"Piracanjuba, 05 de fevereiro de 2025."]
[null,"Flávia Maria Lemes Ferreira"]
[null,"Arquiteta e Urbanista"]
[null,"CAU A55236-4"]

{"sheet":"Detalhamento BDI DESONERADO","index":1,"n_rows":59,"n_cols":8,"rows_kept":59,"merged":[[9,1,9,5],[10,1,10,5],[12,1,12,5],[17,1,17,3],[19,1,19,5],[21,1,22,1],[21,2,22,2],[21,3,22,3],[22,7,22,11],[26,11,26,13],[40,1,40,2],[42,1,42,4],[44,1,44,4],[46,1,47,1],[46,4,46,5],[47,4,47,5],[48,4,48,5],[49,4,49,5],[50,4,50,5],[50,7,50,11],[52,4,52,5],[54,0,54,5],[54,7,54,12],[56,1,56,2],[57,1,57,2],[58,1,58,2]]}
{"$rows_empty":9}
[null,"PREFEITURA MUNICIPAL DE PIRACANJUBA"]
[null,"SECRETARIA DE PLANEJAMENTO"]
[]
[null,"CONSTRUÇÃO DE SEDE DO ABRIGO INSTITUCIONAL - CASA DE PASSAGEM DONA LIA - MARIA DELFINA DE SOUZA",{"$nulls":5}," "]
[null,"Localização:   Piracanjuba-GO"]
[null,"Mutuário: PREFEITURA MUNICIPAL DE PIRACANJUBA"]
[null,"Agente Promotor: SECRETARIA MUNICIPAL DE ASSISTÊNCIA SOCIAL"]
[null,"Processo:202100042001080"]
[null,"GOINFRA 10/2024 COM DESONERAÇÃO"]
[]
[null,"DETALHAMENTO DO BDI "]
[{"$nulls":7}," "]
[null,"Item","Descrição dos Serviços","%","Valor","BDI"," "]
[{"$nulls":4},"(R$)","(R$)"]
[]
[null,"A","ADMINISTRAÇÃO CENTRAL .....................(I)",{"v":0.0401,"d":"4.01%"}," ",{"$f":"D25*F43","v":{"v":13022.566860879495,"d":"13,022.57"}}," "]
[null," "," "," "," "]
[null,"B","TRIBUTOS ",{"$f":"SUM(D28:D31)","v":{"v":0.1315,"d":"13.15%"}}," ",{"$f":"SUM(E28:E31)","v":{"v":54337.75934999998,"d":"54,337.76"}}]
[null,"B.1","ISS...............................................................(VI)",{"v":0.05,"d":"5.00%"},{"$f":"D28*$F$45","v":{"v":20660.744999999995,"d":"20,660.75"}}]
[null,"B.2","PIS...............................................................(VII)",{"v":0.0065,"d":"0.65%"},{"$f":"D29*$F$45","v":{"v":2685.896849999999,"d":"2,685.90"}}]
[null,"B.3","Cofins.........................................................(VIII)",{"v":0.03,"d":"3.00%"},{"$f":"D30*$F$45","v":{"v":12396.446999999996,"d":"12,396.45"}}," "]
[null,"B.4","CPRB...........................................................(IX)",{"v":0.045,"d":"4.50%"},{"$f":"D31*$F$45","v":{"v":18594.670499999997,"d":"18,594.67"}}," "]
[]
[null,"C","SEGURO + GARANTIA................................(IV)",{"v":0.0027,"d":"0.27%"},null,{"$f":"ROUND(F43*D33,2)","v":876.83}]
[]
[null,"D","RISCOS......................................................(V)",{"v":3.8E-3,"d":"0.38%"},null,{"$f":"ROUND(F45*D35,2)","v":{"v":1570.22,"d":"1,570.22"}}]
[]
[null,"E","DESPESAS FINANCEIRAS..........................(III)",{"v":0.0073,"d":"0.73%"},null,{"$f":"D37*(F43+F25+F33+F35)","v":{"v":2483.6199258879196,"d":"2,483.62"}}," "]
[]
[null,"F","LUCRO.......................................................(II)",{"v":0.0482,"d":"4.82%"},null,{"$f":"D39*(F43+F25+F33+F35+F37)","v":{"v":16518.406429441184,"d":"16,518.41"}}]
[]
[null,"BDI = ",null,{"$f":"C50","v":{"v":0.27237139513644215,"d":"27.24%"}},"SOMA",{"$f":"F45-F43","v":{"v":88462.60920499999,"d":"88,462.61"}}]
[]
[null,"CD = ",{"$nulls":3},{"$f":"'ORÇAMENTO DESONERADO'!I230","v":{"v":324752.2907949999,"d":"R$ 324,752.29"}}]
[]
[null,"PV = ",{"$nulls":3},{"$f":"'ORÇAMENTO DESONERADO'!J230","v":{"v":413214.8999999999,"d":"R$ 413,214.90"}}]
[]
[null,"BD I= ","{ | (1 + AC + S + R + G) (1 + DF) (1 + L) | - 1}","ONDE:","AC =  taxa de adm. Central"]
[null,null,"(1 - I)",null,"S = taxa de seguros"]
[{"$nulls":4},"R= taxa de riscos"]
[null,"BD I= ",{"$f":"(((1+D25+D33+D35)*(1+D37)*(1+D39))/(1-(D28+D29+D30+D31)))-1","v":{"v":0.27237139513644215,"d":"27.24%"}},null,"G = taxa de garantias"]
[{"$nulls":4},"DF = taxa de despesas financeiras"]
[{"$nulls":4},"L = taxa de lucro / remuneração"]
[{"$nulls":4},"I = taxa de incidencia de impostos"]
[]
["Piracanjuba, 05 de fevereiro de 2025."]
[]
[null,"Flávia Maria Lemes Ferreira"]
[null,"Arquiteta e Urbanista"]
[null,"CAU A55236-4"]

{"sheet":"CRONOGRAMA DESONERADO","index":2,"n_rows":71,"n_cols":12,"rows_kept":71,"merged":[[5,1,5,5],[6,1,6,5],[7,1,7,5],[16,1,16,2],[17,1,17,9],[18,1,20,1],[18,2,20,2],[18,3,18,7],[18,9,20,9],[19,3,20,3],[19,4,20,4],[19,5,20,5],[19,6,20,6],[19,7,20,7],[22,1,23,1],[22,2,23,2],[22,9,23,9],[25,1,26,1],[25,2,26,2],[25,9,26,9],[28,1,29,1],[28,2,29,2],[28,9,29,9],[31,1,32,1],[31,2,32,2],[31,9,32,9],[34,1,35,1],[34,2,35,2],[34,9,35,9],[37,1,38,1],[37,2,38,2],[37,9,38,9],[40,1,41,1],[40,2,41,2],[40,9,41,9],[43,1,44,1],[43,2,44,2],[43,9,44,9],[46,1,47,1],[46,2,47,2],[46,9,47,9],[49,1,50,1],[49,2,50,2],[49,9,50,9],[52,1,53,1],[52,2,53,2],[52,9,53,9],[55,1,56,1],[55,2,56,2],[55,9,56,9],[58,1,59,1],[58,2,59,2],[58,9,59,9],[61,9,62,9],[65,1,65,7],[68,0,68,7],[69,0,69,7],[70,0,70,7]]}
{"$rows_empty":9}
[null,"CONSTRUÇÃO DE SEDE DO ABRIGO INSTITUCIONAL - CASA DE PASSAGEM DONA LIA - MARIA DELFINA DE SOUZA"]
[null,"Localização:   Piracanjuba-GO"]
[null,"Mutuário: PREFEITURA MUNICIPAL DE PIRACANJUBA"]
[null,"Agente Promotor: SECRETARIA MUNICIPAL DE ASSISTÊNCIA SOCIAL"]
[null,"Processo:202100042001080"]
[null,"GOINFRA 10/2021 DESONERADA"]
[]
[]
[null,"CRONOGRAMA FÍSICO-FINANCEIRO"]
[null,"ITEM","SERVIÇOS","CRONOGRAMA DE EXECUÇÃO",{"$nulls":5},"TOTAL PREVISTO COM BDI (27,24%)"]
[{"$nulls":3},"30 dias","60 dias","90 dias","120 dias","150 dias"]
[]
[]
[null,1,{"$f":"'ORÇAMENTO DESONERADO'!E18","v":"SUPERESTRUTURA"},{"v":0.25,"d":"25.00%"},{"v":0.75,"d":"75.00%"},{"$nulls":4},{"$f":"'ORÇAMENTO DESONERADO'!J28","v":{"v":28441.21,"d":"R$ 28,441.21"}},null,{"$f":"J23/$J$62","v":{"v":0.06882910078992796,"d":"6.88%"}}]
[{"$nulls":3},{"$f":"D23*$J$23","v":{"v":7110.3025,"d":"R$ 7,110.30"}},{"$f":"E23*$J$23","v":{"v":21330.9075,"d":"R$ 21,330.91"}},{"$f":"F23*$J$23","v":{"v":0,"d":"R$ 0.00"}},{"$f":"G23*$J$23","v":{"v":0,"d":"R$ 0.00"}},{"$f":"H23*$J$23","v":{"v":0,"d":"R$ 0.00"}}]
[]
[null,{"$f":"B23+1","v":2},{"$f":"'ORÇAMENTO DESONERADO'!E30","v":"LAJE PRÉ-MOLDADA"},null,null,{"v":1,"d":"100.00%"},{"$nulls":3},{"$f":"'ORÇAMENTO DESONERADO'!J33","v":{"v":35967.83,"d":"R$ 35,967.83"}},null,{"$f":"J26/$J$62","v":{"v":0.0870438844291433,"d":"8.70%"}}]
[{"$nulls":3},{"$f":"D26*$J$23","v":{"v":0,"d":"R$ 0.00"}},{"$f":"E26*$J$26","v":{"v":0,"d":"R$ 0.00"}},{"$f":"F26*$J$26","v":{"v":35967.83,"d":"R$ 35,967.83"}},{"$f":"G26*$J$26","v":{"v":0,"d":"R$ 0.00"}},{"$f":"H26*$J$26","v":{"v":0,"d":"R$ 0.00"}}]
[]
[null,{"$f":"B26+1","v":3},{"$f":"'ORÇAMENTO DESONERADO'!E35","v":"ALVENARIA"},null,{"v":0.45,"d":"45.00%"},{"v":0.55,"d":"55.00%"},{"$nulls":3},{"$f":"'ORÇAMENTO DESONERADO'!J40","v":{"v":41297.009999999995,"d":"R$ 41,297.01"}},null,{"$f":"J29/$J$62","v":{"v":0.09994075721858046,"d":"9.99%"}}]
[{"$nulls":3},{"$f":"D29*$J$29","v":{"v":0,"d":"R$ 0.00"}},{"$f":"E29*$J$29","v":{"v":18583.654499999997,"d":"R$ 18,583.65"}},{"$f":"F29*$J$29","v":{"v":22713.355499999998,"d":"R$ 22,713.36"}},{"$f":"G29*$J$29","v":{"v":0,"d":"R$ 0.00"}},{"$f":"H29*$J$29","v":{"v":0,"d":"R$ 0.00"}}]
[]
[null,{"$f":"B29+1","v":4},{"$f":"'ORÇAMENTO DESONERADO'!E42","v":"ESQUADRIAS"},null,null,{"v":0.25,"d":"25.00%"},{"v":0.75,"d":"75.00%"},null,null,{"$f":"'ORÇAMENTO DESONERADO'!J63","v":{"v":55533.63999999999,"d":"R$ 55,533.64"}},null,{"$f":"J32/$J$62","v":{"v":0.1343940888869206,"d":"13.44%"}}]
[{"$nulls":3},{"$f":"D32*$J$32","v":{"v":0,"d":"R$ 0.00"}},{"$f":"E32*$J$32","v":{"v":0,"d":"R$ 0.00"}},{"$f":"F32*$J$32","v":{"v":13883.409999999998,"d":"R$ 13,883.41"}},{"$f":"G32*$J$32","v":{"v":41650.229999999996,"d":"R$ 41,650.23"}},{"$f":"H32*$J$32","v":{"v":0,"d":"R$ 0.00"}}]
[]
[null,{"$f":"B32+1","v":5},{"$f":"'ORÇAMENTO DESONERADO'!E65","v":"REVESTIMENTOS"},null,{"v":0.45,"d":"45.00%"},{"v":0.4,"d":"40.00%"},{"v":0.15,"d":"15.00%"},null,null,{"$f":"'ORÇAMENTO DESONERADO'!J75","v":{"v":31359.32,"d":"R$ 31,359.32"}},null,{"$f":"J35/$J$62","v":{"v":0.07589106781967447,"d":"7.59%"}}]
[{"$nulls":3},{"$f":"D35*$J$35","v":{"v":0,"d":"R$ 0.00"}},{"$f":"E35*$J$35","v":{"v":14111.694,"d":"R$ 14,111.69"}},{"$f":"F35*$J$35","v":{"v":12543.728000000001,"d":"R$ 12,543.73"}},{"$f":"G35*$J$35","v":{"v":4703.898,"d":"R$ 4,703.90"}},{"$f":"H35*$J$35","v":{"v":0,"d":"R$ 0.00"}}]
[]
[null,{"$f":"B35+1","v":6},{"$f":"'ORÇAMENTO DESONERADO'!E77","v":"PAVIMENTAÇÃO"},{"$nulls":4},{"v":1,"d":"100.00%"},null,{"$f":"'ORÇAMENTO DESONERADO'!J82","v":{"v":26840.89,"d":"R$ 26,840.89"}},null,{"$f":"J38/$J$62","v":{"v":0.06495624915752071,"d":"6.50%"}}]
[{"$nulls":3},{"$f":"D38*$J$38","v":{"v":0,"d":"R$ 0.00"}},{"$f":"E38*$J$38","v":{"v":0,"d":"R$ 0.00"}},{"$f":"F38*$J$38","v":{"v":0,"d":"R$ 0.00"}},{"$f":"G38*$J$38","v":{"v":0,"d":"R$ 0.00"}},{"$f":"H38*$J$38","v":{"v":26840.89,"d":"R$ 26,840.89"}}]
[]
[null,{"$f":"B38+1","v":7},{"$f":"'ORÇAMENTO DESONERADO'!E84","v":"INSTALAÇÕES ELÉTRICAS"},{"v":0.05,"d":"5.00%"},{"v":0.1,"d":"10.00%"},{"v":0.05,"d":"5.00%"},{"v":0.5,"d":"50.00%"},{"v":0.3,"d":"30.00%"},null,{"$f":"'ORÇAMENTO DESONERADO'!J120","v":{"v":20946.240000000005,"d":"R$ 20,946.24"}},null,{"$f":"J41/$J$62","v":{"v":0.05069091167816071,"d":"5.07%"}}]
[{"$nulls":3},{"$f":"D41*$J$41","v":{"v":1047.3120000000004,"d":"R$ 1,047.31"}},{"$f":"E41*$J$41","v":{"v":2094.6240000000007,"d":"R$ 2,094.62"}},{"$f":"F41*$J$41","v":{"v":1047.3120000000004,"d":"R$ 1,047.31"}},{"$f":"G41*$J$41","v":{"v":10473.120000000003,"d":"R$ 10,473.12"}},{"$f":"H41*$J$41","v":{"v":6283.872000000001,"d":"R$ 6,283.87"}}]
[]
[null,{"$f":"B41+1","v":8},{"$f":"'ORÇAMENTO DESONERADO'!E122","v":"INSTALAÇÕES HIDROSSANITÁRIAS"},{"v":0.05,"d":"5.00%"},null,{"v":0.25,"d":"25.00%"},{"v":0.35,"d":"35.00%"},{"v":0.35,"d":"35.00%"},null,{"$f":"'ORÇAMENTO DESONERADO'!J185","v":{"v":30885.669999999995,"d":"R$ 30,885.67"}},null,{"$f":"J44/$J$62","v":{"v":0.07474481196104013,"d":"7.47%"}}]
[{"$nulls":3},{"$f":"D44*$J$44","v":{"v":1544.2834999999998,"d":"R$ 1,544.28"}},{"$f":"E44*$J$44","v":{"v":0,"d":"R$ 0.00"}},{"$f":"F44*$J$44","v":{"v":7721.417499999999,"d":"R$ 7,721.42"}},{"$f":"G44*$J$44","v":{"v":10809.984499999997,"d":"R$ 10,809.98"}},{"$f":"H44*$J$44","v":{"v":10809.984499999997,"d":"R$ 10,809.98"}}]
[]
[null,{"$f":"B44+1","v":9},{"$f":"'ORÇAMENTO DESONERADO'!E187","v":"PINTURA"},{"$nulls":3},{"v":0.2,"d":"20.00%"},{"v":0.8,"d":"80.00%"},null,{"$f":"'ORÇAMENTO DESONERADO'!J203","v":{"v":25401.44,"d":"R$ 25,401.44"}},null,{"$f":"J47/$J$62","v":{"v":0.06147271068879657,"d":"6.15%"}}]
[{"$nulls":3},{"$f":"D47*$J$47","v":{"v":0,"d":"R$ 0.00"}},{"$f":"E47*$J$47","v":{"v":0,"d":"R$ 0.00"}},{"$f":"F47*$J$47","v":{"v":0,"d":"R$ 0.00"}},{"$f":"G47*$J$47","v":{"v":5080.2880000000005,"d":"R$ 5,080.29"}},{"$f":"H47*$J$47","v":{"v":20321.152000000002,"d":"R$ 20,321.15"}}]
[]
[null,{"$f":"B47+1","v":10},{"$f":"'ORÇAMENTO DESONERADO'!E205","v":"GRANITO"},{"$nulls":3},{"v":1,"d":"100.00%"},null,null,{"$f":"'ORÇAMENTO DESONERADO'!J211","v":{"v":5590.099999999999,"d":"R$ 5,590.10"}},null,{"$f":"J50/$J$62","v":{"v":0.01352831178159355,"d":"1.35%"}}]
[{"$nulls":3},{"$f":"D50*$J$50","v":{"v":0,"d":"R$ 0.00"}},{"$f":"E50*$J$50","v":{"v":0,"d":"R$ 0.00"}},{"$f":"F50*$J$50","v":{"v":0,"d":"R$ 0.00"}},{"$f":"G50*$J$50","v":{"v":5590.099999999999,"d":"R$ 5,590.10"}},{"$f":"H50*$J$50","v":{"v":0,"d":"R$ 0.00"}}]
[]
[null,{"$f":"B50+1","v":11},{"$f":"'ORÇAMENTO DESONERADO'!E213","v":"COBERTURA"},null,null,{"v":1,"d":"100.00%"},{"$nulls":3},{"$f":"'ORÇAMENTO DESONERADO'!J217","v":{"v":51444.26,"d":"R$ 51,444.26"}},null,{"$f":"J53/$J$62","v":{"v":0.12449759193097833,"d":"12.45%"}}]
[{"$nulls":3},{"$f":"D53*$J$53","v":{"v":0,"d":"R$ 0.00"}},{"$f":"E53*$J$53","v":{"v":0,"d":"R$ 0.00"}},{"$f":"F53*$J$53","v":{"v":51444.26,"d":"R$ 51,444.26"}},{"$f":"G53*$J$53","v":{"v":0,"d":"R$ 0.00"}},{"$f":"H53*$J$53","v":{"v":0,"d":"R$ 0.00"}}]
[]
[null,{"$f":"B53+1","v":12},{"$f":"'ORÇAMENTO DESONERADO'!E219","v":"ADMINISTRAÇÃO"},{"v":0.2,"d":"20.00%"},{"v":0.2,"d":"20.00%"},{"v":0.2,"d":"20.00%"},{"v":0.2,"d":"20.00%"},{"v":0.2,"d":"20.00%"},null,{"$f":"'ORÇAMENTO DESONERADO'!J223","v":{"v":58373.66,"d":"R$ 58,373.66"}},null,{"$f":"J56/$J$62","v":{"v":0.14126707434799668,"d":"14.13%"}}]
[{"$nulls":3},{"$f":"D56*$J$56","v":{"v":11674.732000000002,"d":"R$ 11,674.73"}},{"$f":"E56*$J$56","v":{"v":11674.732000000002,"d":"R$ 11,674.73"}},{"$f":"F56*$J$56","v":{"v":11674.732000000002,"d":"R$ 11,674.73"}},{"$f":"G56*$J$56","v":{"v":11674.732000000002,"d":"R$ 11,674.73"}},{"$f":"H56*$J$56","v":{"v":11674.732000000002,"d":"R$ 11,674.73"}}]
[]
[null,{"$f":"B56+1","v":13},{"$f":"'ORÇAMENTO DESONERADO'!E225","v":"SERVIÇOS FINAIS"},{"$nulls":4},{"v":1,"d":"100.00%"},null,{"$f":"'ORÇAMENTO DESONERADO'!J228","v":{"v":1133.6299999999999,"d":"R$ 1,133.63"}},null,{"$f":"J59/$J$62","v":{"v":2.7434393096667136E-3,"d":"0.27%"}}]
[{"$nulls":3},{"$f":"D59*$J$59","v":{"v":0,"d":"R$ 0.00"}},{"$f":"E59*$J$59","v":{"v":0,"d":"R$ 0.00"}},{"$f":"F59*$J$59","v":{"v":0,"d":"R$ 0.00"}},{"$f":"G59*$J$59","v":{"v":0,"d":"R$ 0.00"}},{"$f":"H59*$J$59","v":{"v":1133.6299999999999,"d":"R$ 1,133.63"}}]
[]
[null,null,"PERCENTUAL PROGRAMADO",{"$f":"D63/J62","v":{"v":0.05173247624904137,"d":"5.17%"}},{"$f":"E63/J62","v":{"v":0.1640686528970761,"d":"16.41%"}},{"$f":"F63/J62","v":{"v":0.3799380056237082,"d":"37.99%"}},{"$f":"G63/J62","v":{"v":0.21776163565253825,"d":"21.78%"}},{"$f":"H63/J62","v":{"v":0.1864992295776363,"d":"18.65%"}},null,{"$f":"J23+J26+J29+J32+J35+J38+J41+J44+J47+J50+J53+J56+J59","v":{"v":413214.8999999999,"d":"R$ 413,214.90"}},null,{"$f":"SUM(L23:L61)","v":{"v":1.0000000000000002,"d":"100.00%"}}]
[null,null,"VALOR PROGRAMADO",{"$f":"D24+D27+D30+D33+D36+D39+D42+D45+D48+D51+D54+D57+D60","v":{"v":21376.63,"d":"R$ 21,376.63"}},{"$f":"E24+E27+E30+E33+E36+E39+E42+E45+E48+E51+E54+E57+E60","v":{"v":67795.612,"d":"R$ 67,795.61"}},{"$f":"F24+F27+F30+F33+F36+F39+F42+F45+F48+F51+F54+F57+F60","v":{"v":156996.04499999998,"d":"R$ 156,996.05"}},{"v":89982.35250000001,"d":"R$ 89,982.35"},{"v":77064.2605,"d":"R$ 77,064.26"}]
[]
[]
[null,"Piracanjuba, 05 de fevereiro de 2025."]
[]
[]
["Flávia Maria Lemes Ferreira"]
["Arquiteta e Urbanista"]
["CAU A55236-4"]

{"sheet":"COMPOSIÇÃO","index":3,"n_rows":37,"n_cols":14,"rows_kept":37,"merged":[[0,0,0,10],[0,11,0,14],[1,0,1,10],[1,11,1,14],[2,0,2,14],[3,1,3,2],[3,3,3,4],[3,5,3,7],[3,8,3,9],[3,10,3,12],[3,13,3,14],[4,1,4,2],[4,3,4,4],[4,5,4,7],[4,8,4,9],[4,10,4,12],[4,13,4,14],[5,1,5,2],[5,3,5,4],[5,5,5,7],[5,8,5,9],[5,10,5,12],[5,13,5,14],[6,1,6,2],[6,3,6,4],[6,5,6,7],[6,8,6,9],[6,10,6,12],[6,13,6,14],[7,1,7,2],[7,3,7,4],[7,5,7,7],[7,8,7,9],[7,10,7,12],[7,13,7,14],[8,1,8,2],[8,3,8,4],[8,5,8,7],[8,8,8,9],[8,10,8,12],[8,13,8,14],[9,1,9,2],[9,3,9,4],[9,5,9,7],[9,8,9,9],[9,10,9,12],[9,13,9,14],[10,1,10,2],[10,3,10,4],[10,5,10,7],[10,8,10,9],[10,10,10,12],[10,13,10,14],[11,0,11,10],[11,11,11,14],[12,0,12,14],[13,1,13,6],[13,8,13,9],[13,10,13,12],[13,13,13,14],[14,1,14,6],[14,8,14,9],[14,10,14,12],[14,13,14,14],[15,1,15,6],[15,8,15,9],[15,10,15,12],[15,13,15,14],[16,1,16,6],[16,8,16,9],[16,10,16,12],[16,13,16,14],[17,1,17,6],[17,8,17,9],[17,10,17,12],[17,13,17,14],[18,1,18,6],[18,8,18,9],[18,10,18,12],[18,13,18,14],[19,1,19,6],[19,8,19,9],[19,10,19,12],[19,13,19,14],[20,1,20,6],[20,8,20,9],[20,10,20,12],[20,13,20,14],[21,1,21,6],[21,8,21,9],[21,10,21,12],[21,13,21,14],[22,1,22,6],[22,8,22,9],[22,10,22,12],[22,13,22,14],[23,1,23,6],[23,8,23,9],[23,10,23,12],[23,13,23,14],[24,1,24,6],[24,8,24,9],[24,10,24,12],[24,13,24,14],[25,1,25,6],[25,8,25,9],[25,10,25,12],[25,13,25,14],[26,1,26,6],[26,8,26,9],[26,10,26,12],[26,13,26,14],[27,1,27,6],[27,8,27,9],[27,10,27,12],[27,13,27,14],[28,1,28,6],[28,8,28,9],[28,10,28,12],[28,13,28,14],[29,1,29,6],[29,8,29,9],[29,10,29,12],[29,13,29,14],[30,1,30,6],[30,8,30,9],[30,10,30,12],[30,13,30,14],[31,1,31,6],[31,8,31,9],[31,10,31,12],[31,13,31,14],[32,0,32,10],[32,11,32,14],[33,0,33,14],[34,0,34,10],[34,11,34,14],[35,0,35,10],[35,11,35,14],[36,0,36,10],[36,11,36,14]]}
["Tabela de preços: TABELA 278 - CUSTOS DE OBRAS CIVIS - OUTUBRO/2024 - COM DESONERAÇÃO",{"$nulls":10},"Data base: 01/10/2024"]
["Serviço: 270308 - MURO DE ALVENARIA APARENTE BLOCO CONCRETO ESTRUTURAL ESPESSURA 14 CM ( H=2,40M ) COM FUNDAÇÃO (PADRÃO GOINFRA)",{"$nulls":10},"Unidade: m2"]
[]
["Código auxiliar","(B) Mãos-de-obra",null,"Eq. Salarial",null,"Sal/Hora",null,null,"Encargos(%)",null,"Consumo",null,null,"Custo Horário"]
["0005","SERVENTE",null,{"v":5.1,"d":"5.10"},null,12.72,null,null,89.05,null,1.4371,null,null,{"$f":"F5*K5","v":{"v":18.279912000000003,"d":"18.28"}}]
["0018","PINTOR",null,8.45,null,20.23,null,null,89.05,null,0.0352,null,null,{"$f":"F6*K6","v":{"v":0.7120960000000001,"d":"0.71"}}]
["0025","OFICIAL \"B\"",null,8.45,null,20.23,null,null,89.05,null,0.0379,null,null,{"v":0.7667170000000001,"d":"0.77"}]
["0032","OPERADOR DE BETONEIRA",null,6.12,null,15.27,null,null,89.05,null,0.0467,null,null,{"v":0.713109,"d":"0.71"}]
["0004","PEDREIRO",null,8.45,null,20.23,null,null,89.05,null,0.9518,null,null,{"v":19.254914,"d":"19.25"}]
["0006","ARMADOR",null,8.45,null,20.23,null,null,89.05,null,0.3634,null,null,{"v":7.3515820000000005,"d":"7.35"}]
["0008","AJUDANTE",null,{"v":5.1,"d":"5.10"},null,{"v":14.2,"d":"14.20"},null,null,89.05,null,0.3634,null,null,{"v":5.160279999999999,"d":"5.16"}]
["(B) Total: ",{"$nulls":10},{"$f":"SUM(N5:O11)","v":{"v":52.23861,"d":"52.24"}}]
[]
["Código auxiliar","(C) Materiais",{"$nulls":5},"Unidade","Valor unitário",null,"Consumo",null,null,"Valor total"]
[2804,"AREIA GROSSA",{"$nulls":5},"m3",158.57,null,0.0301,null,null,{"$f":"I15*K15","v":{"v":4.772957,"d":"4.77"}}]
[2879,"BLOCO CONCRETO ESTRUTURAL 14 X 19 X 39 CM FBK = 4,5 MPA (NBR\n6136)",{"$nulls":5},"un.",4.88,null,8.9249,null,null,{"$f":"I16*K16","v":{"v":43.553512,"d":"43.55"}}]
[2880,"CANALETA CONCRETO ESTRUTURAL 14 X 19 X 39 CM FBK = 4,5 MPA (NBR 6136)",{"$nulls":5},"un.",5.17,null,1.8214,null,null,{"v":9.416637999999999,"d":"9.42"}]
[2881,"EPS (ISOPOR OU EQUIVALENTE) 10MM",{"$nulls":5},"m2",4.13,null,0.0141,null,null,{"v":0.058233,"d":"0.06"}]
[2882,"MEIO BLOCO CONCRETO ESTRUTURAL 14 X 19 X 19 CM FBK = 4,5 MPA (NBR 6136)",{"$nulls":5},"um.",2.48,null,4.8102,null,null,{"v":11.929296,"d":"11.93"}]
["0104","AREIA MEDIA",{"$nulls":5},"m3",183.55,null,{"v":0.029,"d":"0.0290"},null,null,{"v":5.3229500000000005,"d":"5.32"}]
["2497","BRITA No.02",{"$nulls":5},"m3",{"v":150.8,"d":"150.80"},null,{"v":0.021,"d":"0.0210"},null,null,{"v":3.1668000000000003,"d":"3.17"}]
["2386","BRITA No. 01",{"$nulls":5},"m3",{"v":156.6,"d":"156.60"},null,0.0129,null,null,{"v":2.02014,"d":"2.02"}]
["0102","ARAME RECOZIDO 18",{"$nulls":5},"kg",13.56,null,0.0922,null,null,{"v":1.250232,"d":"1.25"}]
["2448","ACO CA-60 B - 5,0 MM",{"$nulls":5},"kg",7.91,null,0.6027,null,null,{"v":4.7673570000000005,"d":"4.77"}]
["2439","ACO CA-50 10,0 MM (3/8\")",{"$nulls":5},"kg",6.55,null,3.1168,null,null,{"v":20.41504,"d":"20.42"}]
["2438","ACO CA-50 - 8,0 MM (5/16\")",{"$nulls":5},"kg",6.56,null,0.3372,null,null,{"v":2.2120319999999998,"d":"2.21"}]
["2437","ACO CA-50 - 6,3 MM (1/4\")",{"$nulls":5},"kg",6.77,null,1.0147,null,null,{"v":6.8695189999999995,"d":"6.87"}]
["2360","COLA BRANCA ( 1L = 1,2 KG)",{"$nulls":5},"kg",28.51,null,0.0084,null,null,{"v":0.239484,"d":"0.24"}]
["1215","CIMENTO PORTLAND C.P. 32",{"$nulls":5},"kg",0.65,null,21.5954,null,null,{"v":14.037010000000002,"d":"14.04"}]
["2476","PRIMER PU VIAPOL/ PROTEGI PRIMER OU EQUIVALENTE",{"$nulls":5},"G",{"v":0.1,"d":"0.10"},null,2.8674,null,null,{"v":0.28674,"d":"0.29"}]
["2475","SIKAFLEX-1A PLUS OU VEDAFLEX",{"$nulls":5},"cm3",0.17,null,15.3257,null,null,{"v":2.605369,"d":"2.61"}]
["2383","LIXA P/MADEIRA No.220",{"$nulls":5},"un.",1.28,null,0.0013,null,null,{"v":0.001664,"d":"0.00"}]
["(C) Total: ",{"$nulls":10},{"$f":"SUM(N15:O32)","v":{"v":132.92497300000002,"d":"132.92"}}]
[]
["Custo direto total (A) + (B) + (C) + (D) + (E)",{"$nulls":10},{"$f":"L12+L33","v":{"v":185.16358300000002,"d":"185.16"}}]
["BDI: 0,00%",{"$nulls":10},{"v":0,"d":"0.00"}]
["Preço unitário total",{"$nulls":10},{"$f":"L35+L36","v":{"v":185.16358300000002,"d":"185.16"}}]